| 000 | 00683cam a2200205 4500 | ||
|---|---|---|---|
| 001 | WB3631-25 | ||
| 008 | 000000n2000 000 0 eng u | ||
| 035 | _a(Sirsi) u107584 | ||
| 245 | _aBPT to go private | ||
| 260 | _c2000 | ||
| 490 |
_aIndependent _v4 August 2000, 17(1) |
||
| 520 | _aBPT, the largest property company in the private-rented residential sector has announced it is to put itself up for sale. The move is likely to see the company go private. | ||
| 590 | _aWB | ||
| 650 | _aBPT | ||
| 650 | _aPRIVATISATION | ||
| 650 | _aPRIVATE RENTED SECTOR | ||
| 650 | _aPROPERTY COMPANIES | ||
| 690 | _aMANAGEMENT-BUSINESS MANAGEMENT-FINANCIAL MANAGEMENT | ||
| 942 | _n0 | ||
| 999 |
_c64289 _d64289 |
||